Мировая экономика. Экономика стран и регионов: учебник для академического бакалавриата

Chi tiết về thư mục
Tác giả của công ty: Московский государственный университет им. М. В. Ломоносова (МГУ) Экономический факультет
Tác giả khác: Колесов В. П. Василий Петрович (редактор), Осьмова М. Н. Маркиана Николаевна
Tóm tắt:Мировая экономика ....... сложная система, представляющая собой совокупностьактивно взаимодействующих национальных экономик.Учебник раскрывает понятие «мировая экономика», дает представление о ее пара­метрах и структуре. Более половины объема занимает описание важнейших характери­стик экономики наиболее крупных стран как развитых, так и развивающихся, а также регионов и групп стран. Исследуются основные области взаимодействия националь­ных экономик, составляющих суть интернационализации. Показываются важней­шие особенности процесса интернационализации, когда она приобретает глобальный характер, другими словами, процесса глобализации мировой экономики. Наконец, ана­лизируются проблемы и противоречия глобализации последнего периода — периода глобального кризиса мировой экономики.
Ngôn ngữ:Tiếng Nga
Được phát hành: Москва, Юрайт, 2016
Loạt:Бакалавр. Академический курс
Những chủ đề:
Định dạng: Sách
KOHA link:https://koha.lib.tpu.ru/cgi-bin/koha/opac-detail.pl?biblionumber=315216

MARC

LEADER 00000nam0a2200000 4500
001 315216
005 20231102002745.0
010 |a 9785991650670 
035 |a (RuTPU)RU\TPU\book\340649 
090 |a 315216 
100 |a 20160226d2016 m y0rusy50 ca 
101 0 |a rus 
102 |a RU 
105 |a y j 001zy 
200 1 |a Мировая экономика. Экономика стран и регионов  |e учебник для академического бакалавриата  |f Московский государственный университет им. М. В. Ломоносова (МГУ), Экономический факультет ; под ред. В. П. Колесова ; М. Н. Осьмовой 
210 |a Москва  |c Юрайт  |d 2016 
215 |a 519 с. 
225 1 |a Бакалавр. Академический курс 
320 |a Библиогр. в конце гл. 
330 |a Мировая экономика ....... сложная система, представляющая собой совокупностьактивно взаимодействующих национальных экономик.Учебник раскрывает понятие «мировая экономика», дает представление о ее пара­метрах и структуре. Более половины объема занимает описание важнейших характери­стик экономики наиболее крупных стран как развитых, так и развивающихся, а также регионов и групп стран. Исследуются основные области взаимодействия националь­ных экономик, составляющих суть интернационализации. Показываются важней­шие особенности процесса интернационализации, когда она приобретает глобальный характер, другими словами, процесса глобализации мировой экономики. Наконец, ана­лизируются проблемы и противоречия глобализации последнего периода — периода глобального кризиса мировой экономики. 
606 1 |a Мировая экономика  |2 stltpush  |3 (RuTPU)RU\TPU\subj\44096  |9 63470 
610 1 |a международная экономика 
610 1 |a национальная экономика 
610 1 |a США 
610 1 |a Великобритания 
610 1 |a ФРГ 
610 1 |a Германия 
610 1 |a Франция 
610 1 |a Европейский Союз 
610 1 |a Северная Европа 
610 1 |a Восточная Европа 
610 1 |a Китай 
610 1 |a Индия 
610 1 |a Япония 
610 1 |a Восточная Азия 
610 1 |a Юго-Восточная Азия 
610 1 |a Тропическая Африка 
610 1 |a Ближний Восток 
610 1 |a Северная Африка 
610 1 |a Латинская Америка 
610 1 |a Бразилия 
610 1 |a СНГ 
610 1 |a Содружество Независимых Государств 
610 1 |a Россия 
610 1 |a глобализация 
610 1 |a интернационализация 
610 1 |a международная торговля 
610 1 |a иностранные инвестиции 
610 1 |a технологическое развитие 
610 1 |a международная трудовая миграция 
610 1 |a конкурентоспособность 
610 1 |a международный бизнес 
610 1 |a мировая финансовая система 
610 1 |a мировой финансовый рынок 
610 1 |a региональные объединения 
610 1 |a корпорации 
610 1 |a финансовая глобализация 
610 1 |a дисбалансы 
610 1 |a глобальный долговой кризис 
610 1 |a учебники 
686 |a У5я73  |v LBC/SL-A  |2 rubbk 
702 1 |a Колесов  |b В. П.  |g Василий Петрович  |4 340 
702 1 |a Осьмова  |b М. Н.  |g Маркиана Николаевна  |4 340 
712 0 2 |a Московский государственный университет им. М. В. Ломоносова (МГУ)  |b Экономический факультет  |2 stltpush  |3 (RuTPU)RU\TPU\col\7 
801 1 |a RU  |b 63413507  |c 20160226 
801 2 |a RU  |b 63413507  |c 20160406  |g RCR 
900 |a Мировая экономика 
942 |c BK 
951 |l 8.1 
959 |a 24/20160224  |d 1  |e 1079,00  |f ЧЗГЛ:1